00427nam a2200133Ia 4500008004100000041000800041082002000049100006700069245008000136260003200216300000800248502002000256999001700276230128s9999 xx 000 0 und d aeng aSAB PR0455bSAB aSaboji Neha - 2K101040 & Prof. Sonali Parchure - Guide9118931 aAnalysis of Financial Viability of a Capital Project & Sensitivity Analysis c2012bPune UniversityaPune a74p cParchure Sonali c97229d97229